| 000 | 01275cam a2200385 a 4500 | ||
|---|---|---|---|
| 001 | 14652418 | ||
| 003 | OSt | ||
| 005 | 20140310182858.0 | ||
| 008 | 061201s2006 ph b 000 0 eng | ||
| 010 | _a 2006343314 | ||
| 020 | _a9712716554 | ||
| 040 |
_aDLC _cDLC _dDLC |
||
| 041 | 0 |
_aeng _aspa _atgl |
|
| 042 | _alcode | ||
| 043 | _aa-ph--- | ||
| 050 | 0 | 0 |
_aPL5543 _b.M299 2006 |
| 082 |
_aFIL899.211 _bEa7 2006 |
||
| 245 | 0 | 0 |
_aEarly Philippine literature from ancient times to 1940 : _bwith teaching notes and study guides / _cMaramba, Asuncion D. |
| 250 | _aRev. ed. | ||
| 260 |
_aManila : _bPublished and exclusively distributed by Anvil, _cc2006. |
||
| 300 |
_axxvi, 352 p. ; _c26 cm. |
||
| 504 | _aIncludes bibliographical references (p. 351). | ||
| 521 | _aCollege Student | ||
| 526 | _c1210L-1700L | ||
| 541 | _j1 | ||
| 541 | _j2 | ||
| 546 | _aEnglish, Spanish, and Tagalog. | ||
| 562 | _e2 | ||
| 650 | 0 |
_aTagalog literature _xTranslations into English. |
|
| 650 | 0 |
_aPhilippine literature (Spanish) _xTranslations into English. |
|
| 700 | 1 | _aMaramba, Asuncion David. | |
| 906 |
_a7 _bcbc _corigode _d2 _encip _f20 _gy-gencatlg |
||
| 942 |
_2lcc _cBK _kFIL |
||
| 999 |
_c17058 _d17058 |
||